|
|
|
|
| LEADER |
00565nam a22001457a 4500 |
| 082 |
|
|
|a 708.074 5483
|b KER
|
| 245 |
|
|
|a Kerala Lalithakala Akademi:
|b 34th state exhibition of art 2005: catalogue.
|
| 260 |
|
|
|a Kozhikode:
|b Kerala Lalithakala Akademi Art Gallery,
|c 2002.
|
| 300 |
|
|
|a 31p.
|
| 650 |
|
|
|a Art Exhibition
|9 16049
|
| 650 |
|
|
|a Catalogue Art Exhibition
|9 16050
|
| 650 |
|
|
|a Arts
|9 16051
|
| 942 |
|
|
|c BK
|
| 999 |
|
|
|c 65016
|d 65016
|
| 952 |
|
|
|0 0
|1 0
|4 0
|6 708_074000000000000_5483_KER
|7 0
|9 86649
|a SSUS
|b SSUS
|c REF
|d 2017-05-12
|g 100.00
|o 708.074 5483 KER
|p 084534
|r 2017-05-12
|w 2017-05-12
|y REF
|